LEADER 00781nam0 2200253 450
001 000023316
005 20090220104607.0
100 $a20090220d1964----km-y0itay50------ba
101 0 $aeng
102 $aGB
105 $ay-------001yy
200 1 $a<>course in applied economics$fby E. H. Phelps Brown and J. Wiseman
205 $a2nd ed
210 $aLondon$cPitman and Sons$d1964
215 $aIX, 443 p.$d22 cm
500 10$a<>course in applied economics$946409
610 1 $aEconomia applicata
700 1$aPhelps Brown,$bErnest Henry$0633094
701 1$aWiseman,$bJack$0119354
801 0$aIT$bUNIPARTHENOPE$c20090220$gRICA$2UNIMARC
912 $a000023316
951 $a011/15$b1746$cNAVA2$d2009
996 $aCourse in applied economics$946409
997 $aUNIPARTHENOPE
LEADER 04530nam 2200721 a 450
001 9910778375203321
005 20230617042233.0
010 $a1-282-19533-6
010 $a9786612195334
010 $a3-11-916442-9
010 $a3-11-020158-5
024 7 $a10.1515/9783110201581
035 $a(CKB)1000000000479972
035 $a(EBL)325587
035 $a(OCoLC)476123605
035 $a(SSID)ssj0000141262
035 $a(PQKBManifestationID)11911812
035 $a(PQKBTitleCode)TC0000141262
035 $a(PQKBWorkID)10089904
035 $a(PQKB)11574995
035 $a(MiAaPQ)EBC325587
035 $a(DE-B1597)32909
035 $a(OCoLC)1013954893
035 $a(OCoLC)853256861
035 $a(DE-B1597)9783110201581
035 $a(Au-PeEL)EBL325587
035 $a(CaPaEBR)ebr10197248
035 $a(CaONFJC)MIL219533
035 $a(EXLCZ)991000000000479972
100 $a20060203d2005 uy 0
101 0 $ager
135 $aurun#---|u||u
181 $ctxt
182 $cc
183 $acr
200 14$aDie Dramen Jacob Lochers und die fru?he Humanistenbu?hne im su?ddeutschen Raum$b[electronic resource] /$fvon Cora Dietl
210 $aBerlin ;$aNew York $cW. de Gruyter$dc2005
215 $a1 online resource (600 p.)
225 1 $aQuellen und Forschungen zur Literatur- und Kulturgeschichte,$x0946-9419 ;$v37 (271)
300 $aOriginally presented as the author's Habilitationsschrift--Universita?t Tu?bingen, 2003.
311 0 $a3-11-018350-1
320 $aIncludes bibliographical references (p. [533]-577) and index.
327 $tFront matter --$tInhalt --$t1. Einleitung --$t2. Das Drama an der Hohen Schule --$t3. Das Werden einer Idee: Inspirationen und Einflüsse --$t4. Der angemessene Rahmen. Stadt und Universität Freiburg i. Br. --$t5. Eine neue Form der Geschichtsdarstellung: Historia de Rege Frantie (1495) --$t6. Das Meisterstück: Tragedia de Thurcis et Suldano (1497) --$t7. Jacob Locher und der Straßburger Terenz von 1499 --$t8. Ein Blick zur Seite: Dramatische Werke von Lochers Dichterkollegen --$t9. Ein neues Umfeld: Ingolstadt --$t10. Das Spiel für den Landesherrn: Spectaculum de regibus (1502) --$t11. Ein verbotenes Spektakel. Iudicium Paridis (1502) --$t12. Ein polemischer Gelehrtenstreit - um die Poesie und das Theater --$t13. Das Antidrama. Poemation de Lazaro mendico (1510) --$t14. Neu und doch nicht unerhört: Libellus dramaticus (1513) --$t15. Rückbesinnung auf Seneca: tres selectiores tragoediae (1520) --$t16. Schluss --$tBack matter
330 $aDurch die Aufführung der ersten neulateinischen Tragödie aus deutscher Hand schreibt 1495 Jacob Locher, Poetik-Lektor in Freiburg, Theater- und Mediengeschichte: Mit der Darstellung zeitgeschichtlicher Ereignisse auf der Bühne ist das Theater als Medium politischer Einflussnahme im Reich eingeführt. Locher ist heute als der Übersetzer von Brants "Narrenschiff" bekannt; seine dramatischen Werke sind weitgehend in Vergessenheit geraten. Hier werden sie in chronologischer Reihenfolge vorgestellt und in ein dichtes Geflecht literarischer und außerliterarischer Beziehungen eingebettet. Der Einfluss des italienischen Renaissancedramas findet ebenso Beachtung wie der lokaler Spieltraditionen; prominente Positionen kommen der Reichs- und Universitätspolitik zu. Seitenblicke auf die Bühnenwerke von Dichterkollegen verdeutlichen die Sonderrolle, welche Locher als Tragöde in einer Zeit enthusiastischer Terenzrezeption spielt: Sein Blick richtet sich nicht auf Probleme des Studiums, sondern auf den Hof in Wien. Es geht ihm um den gerechten Krieg und um die Rolle des Dichters im Staat. Im Anhang: eine Edition der sieben Dramen Lochers.
410 0$aQuellen und Forschungen zur Literatur- und Kulturgeschichte ;$v37 (271)
606 $aHumanists$zGermany$vBiography
606 $aClassicists$zGermany$vBiography
606 $aDramatists, German$yEarly modern, 1500-1700$xHistory and criticism
607 $aGermany$xIntellectual life$y16th century
615 0$aHumanists
615 0$aClassicists
615 0$aDramatists, German$xHistory and criticism.
676 $a199.43092
686 $aGG 6718$2rvk
700 $aDietl$b Cora$0738007
701 $aLocher$b Jacob$f1471-1528.$01005782
801 0$bMiAaPQ
801 1$bMiAaPQ
801 2$bMiAaPQ
906 $aBOOK
912 $a9910778375203321
996 $aDie Dramen Jacob Lochers und die fru?he Humanistenbu?hne im su?ddeutschen Raum$93856190
997 $aUNINA